000 00697nam a22002177a 4500
003 UA-OsUOA
001 88495
007 ta
008 20121005b un ||||| |||| 00| 0 ukr d
090 _a82.09
_bВ 42
942 _cBK
040 _aUA-OsUOA
_bukr
_cUA-OsUOA
_dUA-OsUOA
245 _aВідображення першої російської революції в українській та російській літературі
_cБабишкін О.К.
300 _a233 с.
955 _a0
041 _aukr
080 _a82.09
260 _aК.
_bАкадемія наук
_c1956
650 7 _a82 Література. Літературознавство
_2UDC
999 _c374326
_d374326